Ingineering Ministries International eMi Nicaragua
Las prácticas profesionales supervisadas tienen como objetivo principal consolidar todos aquellos conocimientos obtenidos durante la trayectoria de la formación profesional a lo largo de la carrera. el presente estudio tiene como fin dar a conocer las labores cumplidas y experiencias adquiridas en...
| Main Authors: | , |
|---|---|
| Other Authors: | |
| Format: | Tesis Section = Libro |
| Language: | Undetermined Spanish |
| Published: |
Managua
UNI
2019
|
| Subjects: |
| LEADER | 01336nam a2200301Ia 4500 | ||
|---|---|---|---|
| 008 | 240830s9999 xx 000 0 und d | ||
| 040 | |a BIBLIOTECA-RUSB/ Mon 726.51 D689 | ||
| 041 | |a spa | ||
| 082 | |a Mon 726.51 D689 | ||
| 100 | 1 | |a Doña Hernández, MariaKrystal | |
| 100 | 1 | |b Fajardo Ibarra, Olga Marcela | |
| 245 | 1 | 0 | |a Ingineering Ministries International eMi Nicaragua |
| 260 | |a Managua |b UNI |c 2019 | ||
| 300 | |a 141 p. :il. | ||
| 500 | |a Contiene: Informe de práctica profesional, anexos y CD | ||
| 502 | |a Tesis (Arquitecto) - UNI, 2019. | ||
| 520 | 3 | |a Las prácticas profesionales supervisadas tienen como objetivo principal consolidar todos aquellos conocimientos obtenidos durante la trayectoria de la formación profesional a lo largo de la carrera. el presente estudio tiene como fin dar a conocer las labores cumplidas y experiencias adquiridas en las prácticas profesionales en la empresa eMi NICARAGUA. | |
| 650 | 7 | |a EDIFICIOS-DISEÑO Y CONSTRUCION | |
| 650 | 7 | |b ARQUITECTURA RELIGIOSA | |
| 650 | 7 | |c ARQUITECTURA-DISEÑOS Y PLANOS | |
| 650 | 7 | |d DISEÑO ARQUITECTONICO | |
| 650 | 7 | |e DISEÑO DE ESTRUCTURAS | |
| 650 | 7 | |f PRACTICAS PROFESIONALES | |
| 650 | 7 | |g FORMACION PROFESIONAL. | |
| 700 | 1 | |a Tutor: |b Benavidez Rodríguez, Wildghem Ramón | |
| 942 | |c BK |2 ddc | ||
| 991 | |a TESIS | ||
| 999 | |c 21352 | ||